000 00548nam a2200181Ia 4500
999 _c14052
_d14052
003 OSt
005 20201019121242.0
008 190216s9999||||xx |||||||||||||| ||und||
022 _29780712672856
040 _coclc
082 _a294.3444
_bSUM/M
100 _aSumedho, Ajahn
_95902
245 4 _aThe Mind And The Way Buddhist Reflections On Life /
_cAjahn Sumedho
260 _bRider Publications ,
_c1995.
_aLondon:
300 _a220p
650 _aEnglish General
942 _cBK
_2ddc
_h294.3444
_iSUM/M
_k294.3444
_mSUM/M